| 000 | 00483nam a22001577a 4500 | ||
|---|---|---|---|
| 005 | 20180530091310.0 | ||
| 008 | 180530b xxu||||| |||| 00| 0 eng d | ||
| 020 | _a9781784538552 | ||
| 040 | _cPK-LaUMT | ||
| 082 |
_a954.0317 _bFUE-I |
||
| 100 | _aFuerst, Ilyse R. Morgenstein | ||
| 245 |
_aIndian Muslim minorities and the 1857 rebellion : _breligion, rebels, and jihad / _cIlyse R. Morgenstein Fuerst |
||
| 260 |
_aLondon : _bI B Tauris, _c2017 |
||
| 300 | _a228 p. | ||
| 942 | _cBK | ||
| 999 |
_c105010 _d105010 |
||